Religion and nationalism politics of BJP (Record no. 59781)

000 -LEADER
fixed length control field 00987pab a2200193 454500
008 - FIXED-LENGTH DATA ELEMENTS--GENERAL INFORMATION
fixed length control field 180718b2004 xxu||||| |||| 00| 0 eng d
100 ## - MAIN ENTRY--PERSONAL NAME
Personal name Berglund, Henrik
245 ## - TITLE STATEMENT
Title Religion and nationalism politics of BJP
260 ## - PUBLICATION, DISTRIBUTION, ETC.
Date of publication, distribution, etc. 2004
300 ## - PHYSICAL DESCRIPTION
Extent p.1064-070.
362 ## - DATES OF PUBLICATION AND/OR SEQUENTIAL DESIGNATION
Dates of publication and/or sequential designation 6 Mar
520 ## - SUMMARY, ETC.
Summary, etc. While claiming full respect for the political and civil rights of all citizens, the BJP has in its political practice throughout the years demonstrated that its version of Hindu nationalism often clashes with generally acknowledged features of Indian democracy, especially minority rights. This essay analyses the ideology of the BJP relating it to a general theoretical discourse on nationalism and also to the contemporary debate on citizenship within political theory. - Reproduced.
650 ## - SUBJECT ADDED ENTRY--TOPICAL TERM
Topical term or geographic name entry element Nationalism - India
650 ## - SUBJECT ADDED ENTRY--TOPICAL TERM
Topical term or geographic name entry element Religion - India
650 ## - SUBJECT ADDED ENTRY--TOPICAL TERM
Topical term or geographic name entry element Political parties - India
650 ## - SUBJECT ADDED ENTRY--TOPICAL TERM
Topical term or geographic name entry element Bhartiya Janata Party
773 ## - HOST ITEM ENTRY
Main entry heading Economic and Political Weekly
909 ## -
-- 59781
Holdings
Withdrawn status Lost status Damaged status Not for loan Permanent Location Current Location Date acquired Serial Enumeration / chronology Barcode Date last seen Price effective from Koha item type
        Indian Institute of Public Administration Indian Institute of Public Administration 2018-07-19 Volume no: 39, Issue no: 10 AR60226 2018-07-19 2018-07-19 Articles

Powered by Koha